000 00285nam a2200109Ia 4500
001 588828
005 20250717120838.0
008 250717s9999 xx 000 0 und d
245 0 _aV-15 HEZARFEN VE UÇAN KAPLUMBAĞA
_cDİDEM DEMİREL
260 _bTİMAŞ YAYINLARI
_c2016
300 _b47
999 _c588828
_d588828